Statistics for Name the final girl

Click here to take the quiz!

General Stats

  • This quiz has been taken 15 times
  • The average score is 5 of 12

Answer Stats

Answer% Correct
Sam
75%
Sidney
75%
Laurie
50%
Maxine
50%
Ellen
42%
Nancy
42%
Dani
33%
Mia
33%
Erin
25%
Sally
25%
Sienna
25%
Grace
17%

Score Distribution

Percentile by Number Answered

Percent of People with Each Score

Your Score History

You have not taken this quiz